000 00724cam a22002171 4500
001 ne 65001175
003 DLC
005 20260227111814.0
008 890707s1964 ua d 000 0 arar
010 _ane 65001175
025 _aPL480:UAR-5551
035 _a(OCoLC)19979598
040 _aDLC
_cWaU
_dWaU
_dDLC
042 _apremarc
050 0 0 _aPJ6620
_b.T5 1964
100 1 _aThaʻālibī, ʻAbd al-Malik ibn Muḥammad,
_d961 or 962-1037 or 1038.
245 1 0 _aFiqh al-lughah wa-sirr al-ʻArabīyah,
_ctaʼlīf Abī Manṣūr ʻAbd al-Malik ibn Muḥammad al-Thaʻālibī.
260 _aMiṣr,
_bal-Maktabah al-Tijārīyah al-Kubrá
_c[1964]
300 _a628 p.
_c17 cm.
650 0 _aArabic language
_vDictionaries.
999 _c48170
_d48170